[Event "Helsingor Xtracon op"]
[Site "Helsingor"]
[Date "2018.07.29"]
[Round "10"]
[White "Berg, Klaus"]
[Black "Nielsen, Klaus"]
[Result "1-0"]
[WhiteElo "2322"]
[BlackElo "2057"]
[PlyCount "41"]
[EventDate "2018.07.21"]
[EventType "swiss"]
[EventRounds "10"]
[EventCountry "DEN"]
[SourceTitle "CBM 185 Extra"]
[Source "ChessBase"]
[SourceDate "2018.07.29"]
[SourceVersion "1"]
[SourceVersionDate "2018.07.29"]
[SourceQuality "1"]

1. d4 d5 2. c4 e6 3. Nc3 Be7 4. Nf3 Nf6 5. Bf4 0-0 6. e3 a6 7. Rc1 dxc4 8. Bxc4 b5 9. Bd3 c5 10. dxc5 Bxc5 11. 0-0 Bb7 12. Nxb5 Bxe3 13. Bxe3 axb5 14. Bc5 Rxa2 15. Bxf8 Qxf8 16. Ne5 Rxb2 17. Rc7 Bd5 18. Qc1 Rb3 19. Rc8 Ne8 20. Rxb8 f6 21. Bxh7+ 1-0

[Event "Helsingor Xtracon op"]
[Site "Helsingor"]
[Date "2018.07.25"]
[Round "6"]
[White "O'Gorman, Tom"]
[Black "Nielsen, Klaus"]
[Result "1-0"]
[WhiteElo "2280"]
[BlackElo "2057"]
[PlyCount "115"]
[EventDate "2018.07.21"]
[EventType "swiss"]
[EventRounds "10"]
[EventCountry "DEN"]
[SourceTitle "CBM 185 Extra"]
[Source "ChessBase"]
[SourceDate "2018.07.29"]
[SourceVersion "1"]
[SourceVersionDate "2018.07.29"]
[SourceQuality "1"]

1. e4 d5 2. exd5 Qxd5 3. Nf3 Nf6 4. d4 Bg4 5. Be2 c6 6. 0-0 e6 7. c4 Qd8 8. Nc3 Bd6 9. h3 Bf5 10. Nh4 Bg6 11. Bg5 Be7 12. Re1 0-0 13. Bf3 Qa5 14. Nxg6 hxg6 15. Qd2 Qc7 16. Rad1 Rd8 17. Qe2 Nbd7 18. d5 Nf8 19. dxc6 bxc6 20. Qc2 Rxd1 21. Rxd1 Rb8 22. Rd2 N8d7 23. Qd1 Nb6 24. Qe2 Rc8 25. b3 Nbd7 26. Rd1 Ne5 27. Bxf6 gxf6 28. Be4 f5 29. Bc2 Bf6 30. Qe3 Kg7 31. Na4 Nd7 32. Qd2 Rd8 33. Qd6 Qc8 34. Qb4 c5 35. Qa5 Bd4 36. Nc3 a6 37. Ne2 Nf6 38. Nxd4 Rxd4 39. Rxd4 cxd4 40. Qe5 Qd8 41. Bd3 Kg8 42. c5 Ne4 43. c6 Qb6 44. c7 Qc6 45. Bc4 d3 46. Bxd3 f6 47. Qa5 Qc1+ 48. Bf1 Qc2 49. Qb6 Kg7 50. Qa7 Kh6 51. Qe3+ g5 52. Bc4 Qd1+ 53. Bf1 Qc2 54. Qb6 g4 55. hxg4 fxg4 56. Qe3+ Ng5 57. Qf4 f5 58. Qc4 1-0

[Event "Helsingor Xtracon op"]
[Site "Helsingor"]
[Date "2018.07.23"]
[Round "4"]
[White "Schouten, Mathias Lind"]
[Black "Nielsen, Klaus"]
[Result "0-1"]
[WhiteElo "1784"]
[BlackElo "2057"]
[PlyCount "62"]
[EventDate "2018.07.21"]
[EventType "swiss"]
[EventRounds "10"]
[EventCountry "DEN"]
[SourceTitle "CBM 185 Extra"]
[Source "ChessBase"]
[SourceDate "2018.07.29"]
[SourceVersion "1"]
[SourceVersionDate "2018.07.29"]
[SourceQuality "1"]

1. e4 e5 2. Nf3 Nc6 3. Bc4 Bc5 4. 0-0 Nf6 5. d3 d6 6. c3 0-0 7. Re1 h6 8. b4 Bb6 9. a4 a5 10. b5 Ne7 11. Be3 Bxe3 12. Rxe3 Ng6 13. d4 Qe7 14. d5 Nf4 15. Bf1 Ng4 16. Re1 f5 17. h3 Nf6 18. g3 fxe4 19. gxf4 exf3 20. Qxf3 e4 21. Nd2 Bf5 22. Qh1 Rae8 23. c4 Nh5 24. Ra3 Nxf4 25. Rae3 Qg5+ 26. Rg3 Nxh3+ 27. Bxh3 Qxd2 28. Rf1 e3 29. Bxf5 Rxf5 30. fxe3 Rxe3 31. Rg2 Rxf1+ 0-1

[Event "Korbach op 9th"]
[Site "Korbach"]
[Date "2017.10.20"]
[Round "3"]
[White "Nielsen, Klaus"]
[Black "Launert, Martin"]
[Result "1-0"]
[WhiteElo "2092"]
[BlackElo "1879"]
[PlyCount "79"]
[EventDate "2017.10.19"]
[EventType "swiss"]
[EventRounds "7"]
[EventCountry "GER"]
[SourceTitle "CBM 181 Extra"]
[Source "ChessBase"]
[SourceDate "2017.12.12"]
[SourceVersion "1"]
[SourceVersionDate "2017.12.12"]
[SourceQuality "1"]

1. e4 e5 2. Nf3 Nc6 3. Bc4 Bc5 4. b4 Bxb4 5. c3 Be7 6. d4 Na5 7. Bd3 exd4 8. cxd4 d5 9. e5 Nc6 10. 0-0 Bg4 11. Be3 Qd7 12. Nbd2 Bb4 13. Qb3 Nge7 14. a3 Bxd2 15. Nxd2 Rb8 16. f3 Bf5 17. Be2 0-0 18. g4 Be6 19. Qc3 f5 20. exf6 Rxf6 21. Bg5 Rff8 22. Nb3 Ng6 23. Rae1 Qf7 24. Nc5 Bd7 25. Bd3 Rfe8 26. Nxd7 Qxd7 27. Bf5 Qd6 28. Qd3 Nf8 29. Bh4 g6 30. Bg3 Qd8 31. Rxe8 Qxe8 32. Bxc7 Ra8 33. Kh1 gxf5 34. gxf5 Nd7 35. Qb3 Nf6 36. Qxb7 Rc8 37. Rg1+ Kf7 38. Be5+ Qd7 39. Rg7+ Kxg7 40. Qxd7+ 1-0

[Event "Korbach op 9th"]
[Site "Korbach"]
[Date "2017.10.19"]
[Round "1"]
[White "Nielsen, Klaus"]
[Black "Basovskiy, Jana"]
[Result "1-0"]
[WhiteElo "2092"]
[BlackElo "1825"]
[PlyCount "113"]
[EventDate "2017.10.19"]
[EventType "swiss"]
[EventRounds "7"]
[EventCountry "GER"]
[SourceTitle "CBM 181 Extra"]
[Source "ChessBase"]
[SourceDate "2017.12.12"]
[SourceVersion "1"]
[SourceVersionDate "2017.12.12"]
[SourceQuality "1"]

1. d4 d5 2. Nf3 Nf6 3. e3 e6 4. Bd3 Be7 5. Nbd2 0-0 6. Ne5 b6 7. 0-0 Bb7 8. f4 Nbd7 9. Qf3 c5 10. c3 Rc8 11. g4 Ne8 12. Qh3 g6 13. Ndf3 Nd6 14. Nxd7 Qxd7 15. Ne5 Qd8 16. Rf3 Kg7 17. g5 Rh8 18. Qh6+ Kg8 19. Bd2 Nf5 20. Bxf5 exf5 21. Rg3 Qf8 22. Qh3 h6 23. gxh6 Qxh6 24. Qg2 Kg7 25. Nf3 Rh7 26. Qe2 Rch8 27. Be1 Re8 28. Qb5 Rhh8 29. Qd3 Bf6 30. Rg2 Qh5 31. Ne5 Bxe5 32. fxe5 Qf3 33. Bg3 cxd4 34. Qxd4 Qe4 35. Qd2 d4 36. exd4 Qxg2+ 37. Qxg2 Bxg2 38. Kxg2 Rd8 39. Rd1 Rhe8 40. Bh4 Rc8 41. Bf6+ Kh6 42. d5 Rc7 43. d6 Rd7 44. Rd4 g5 45. Rc4 Kg6 46. a4 Rb8 47. b4 f4 48. h4 gxh4 49. Rxf4 Rc8 50. c4 Rg8 51. Rg4+ Kh7 52. Rxg8 Kxg8 53. c5 bxc5 54. bxc5 Rb7 55. c6 Rb2+ 56. Kh3 Rb3+ 57. Kxh4 1-0

[Event "Korbach op 8th"]
[Site "Korbach"]
[Date "2016.10.21"]
[Round "2"]
[White "Nielsen, Klaus"]
[Black "Frolov, Artur"]
[Result "0-1"]
[WhiteElo "2110"]
[BlackElo "2416"]
[PlyCount "110"]
[EventDate "2016.10.20"]
[EventType "swiss"]
[EventRounds "7"]
[EventCountry "GER"]
[SourceTitle "CBM 175 Extra"]
[Source "ChessBase"]
[SourceDate "2016.12.12"]
[SourceVersion "1"]
[SourceVersionDate "2016.12.12"]
[SourceQuality "1"]

1. d4 Nf6 2. Nf3 g6 3. Nc3 d5 4. Bf4 Bg7 5. Qd2 0-0 6. Bh6 Ne4 7. Nxe4 dxe4 8. Bxg7 Kxg7 9. Ng5 f5 10. h4 e5 11. e3 h6 12. Nh3 c5 13. 0-0-0 cxd4 14. exd4 exd4 15. Qxd4+ Qxd4 16. Rxd4 Nc6 17. Rd6 f4 18. Be2 Bxh3 19. Rxh3 Rad8 20. Rxd8 Rxd8 21. Rb3 b6 22. Rc3 Ne5 23. Rc7+ Rd7 24. Rxd7+ Nxd7 25. Kd2 Kf6 26. Kc3 Ke5 27. b4 Nf6 28. a4 Ne8 29. Bb5 Nd6 30. Bd7 e3 31. fxe3 fxe3 32. Kd3 Kf4 33. Bc6 Nf5 34. h5 gxh5 35. c4 Nd4 36. Bd5 e2 37. Kd2 Kg3 38. Ke1 Nc2+ 39. Kxe2 Nxb4 40. Be4 Na6 41. Bc6 Nc5 42. Ke3 h4 43. Ke2 Ne6 44. Kf1 a5 45. Bd5 Nc5 46. Bc6 Nd3 47. Bd7 Nf4 48. Bc6 h5 49. Be4 h3 50. gxh3 h4 51. Bc6 Nxh3 52. Ke2 Nf4+ 53. Kf1 h3 54. Kg1 Nd3 55. Kf1 Nb2 0-1

[Event "Helsingor Xtracon op"]
[Site "Helsingor"]
[Date "2016.07.25"]
[Round "4"]
[White "Nielsen, Klaus"]
[Black "Dauth, Benjamin"]
[Result "0-1"]
[WhiteElo "2089"]
[BlackElo "2367"]
[PlyCount "54"]
[EventDate "2016.07.23"]
[EventType "swiss"]
[EventRounds "10"]
[EventCountry "DEN"]
[SourceTitle "CBM 173 Extra"]
[Source "ChessBase"]
[SourceDate "2016.08.29"]
[SourceVersion "1"]
[SourceVersionDate "2016.08.29"]
[SourceQuality "1"]

1. Nf3 d5 2. b3 c5 3. Bb2 Nc6 4. d4 Bg4 5. dxc5 Qa5+ 6. c3 Qxc5 7. Ba3 Qa5 8. Nd4 Nf6 9. f3 Bh5 10. b4 Qb6 11. b5 Na5 12. e3 e5 13. Bxf8 Kxf8 14. Nc2 Bg6 15. Kf2 Ke7 16. Qc1 Rhc8 17. Qa3+ Qc5 18. Nb4 b6 19. Be2 Kf8 20. Nd2 d4 21. cxd4 exd4 22. Rhc1 dxe3+ 23. Kf1 Qd6 24. Nc4 Nxc4 25. Bxc4 Rxc4 26. Rxc4 Qd2 27. Rc2 e2+ 0-1

[Event "Helsingor Xtracon op"]
[Site "Helsingor"]
[Date "2016.07.24"]
[Round "3"]
[White "Andersen, Dag"]
[Black "Nielsen, Klaus"]
[Result "0-1"]
[WhiteElo "1830"]
[BlackElo "2089"]
[PlyCount "112"]
[EventDate "2016.07.23"]
[EventType "swiss"]
[EventRounds "10"]
[EventCountry "DEN"]
[SourceTitle "CBM 173 Extra"]
[Source "ChessBase"]
[SourceDate "2016.08.29"]
[SourceVersion "1"]
[SourceVersionDate "2016.08.29"]
[SourceQuality "1"]

1. d4 d5 2. c4 e6 3. cxd5 exd5 4. Nc3 Be7 5. Bf4 Nf6 6. Qc2 Nc6 7. e3 Nb4 8. Qd1 Bf5 9. Rc1 a6 10. a3 Nc6 11. Be2 0-0 12. Nf3 Ne4 13. h3 Qd7 14. Ne5 Nxe5 15. Bxe5 c6 16. Nxe4 Bxe4 17. 0-0 Bg6 18. Bd3 f6 19. Bg3 Bf7 20. Rc3 Be6 21. Bb1 g6 22. Qe2 Rf7 23. Rfc1 g5 24. b4 Rg7 25. Bd3 Rf8 26. Rb3 Bd6 27. Bxd6 Qxd6 28. Qc2 g4 29. h4 g3 30. f3 f5 31. Kf1 Qd8 32. Rbb1 Qxh4 33. Ke2 Qh2 34. Rg1 f4 35. Kd2 fxe3+ 36. Kc3 Qh4 37. Rh1 Qe7 38. Rh5 b6 39. Rbh1 Rff7 40. Bxh7+ Kf8 41. Bg6 Rf6 42. Rh8+ Bg8 43. Bd3 c5 44. Bxa6 Qa7 45. b5 cxd4+ 46. Kxd4 Rc7 47. Qd3 Rc4+ 48. Kxe3 Qc7 49. Rxg8+ Kxg8 50. Qxd5+ Kg7 51. Qb7 Re6+ 52. Kd3 Rd6+ 53. Ke3 Rc3+ 54. Ke4 Re6+ 55. Kf5 Rc5+ 56. Kxe6 Re5# 0-1

[Event "Farum Fureso op+"]
[Site "Farum"]
[Date "2016.??.??"]
[Round "2"]
[White "Nielsen, Klaus"]
[Black "Hoi, Carsten"]
[Result "1-0"]
[WhiteElo "2110"]
[BlackElo "2390"]
[PlyCount "68"]
[EventDate "2016.??.??"]
[EventType "swiss"]
[EventRounds "6"]
[EventCountry "DEN"]
[SourceTitle "EXT 2024"]
[Source "ChessBase"]
[SourceDate "2023.10.10"]
[SourceVersion "1"]
[SourceVersionDate "2023.10.10"]
[SourceQuality "1"]

1. d4 d5 2. Nf3 Nf6 3. e3 Bg4 4. c4 dxc4 5. Bxc4 e6 6. Qb3 Bxf3 7. gxf3 Nbd7 8. Nc3 Rb8 9. Bd2 b5 10. Be2 a6 11. Ne4 Nxe4 12. fxe4 c5 13. 0-0 Qg5+ 14. Kh1 Be7 15. Rg1 Qh4 16. f3 g6 17. Rg4 Qh6 18. Rd1 c4 19. Qc2 f5 20. exf5 gxf5 21. e4 Qh5 22. exf5 Qxf5 23. Qc3 Nf6 24. Rf4 Nd5 25. Qc1 Nxf4 26. Bxf4 Rd8 27. Be5 Bf6 28. Bxf6 Qxf6 29. Qe3 0-0 30. Rg1+ Kh8 31. Rg4 Rg8 32. Rf4 Qg5 33. Qe5+ Qxe5 34. dxe5 Rd2 1-0

[Event "Copenhagen Bronshoj op"]
[Site "Copenhagen"]
[Date "2015.02.08"]
[Round "4"]
[White "Nielsen, Klaus"]
[Black "Tandrup, Michael"]
[Result "1-0"]
[WhiteElo "2094"]
[BlackElo "1958"]
[PlyCount "119"]
[EventDate "2015.02.06"]
[EventType "swiss"]
[EventRounds "7"]
[EventCountry "DEN"]
[SourceTitle "EXT 2016"]
[Source "ChessBase"]
[SourceDate "2015.10.08"]
[SourceVersion "1"]
[SourceVersionDate "2015.10.08"]
[SourceQuality "1"]

1. e4 g6 2. d4 Bg7 3. c3 d6 4. Be3 a6 5. Nd2 Nd7 6. Be2 e5 7. dxe5 Nxe5 8. f4 Ng4 9. Nf1 Nxe3 10. Nxe3 Ne7 11. Qc2 f5 12. 0-0-0 Be6 13. Nf3 Qd7 14. Ng5 0-0-0 15. e5 h6 16. Nxe6 Qxe6 17. Bc4 d5 18. Bb3 c5 19. c4 d4 20. Nd5 h5 21. h4 Kb8 22. Kb1 Rc8 23. Rh3 Rhd8 24. Rg3 Nc6 25. a3 Bf8 26. Nf6 Qf7 27. Nd5 Qe6 28. Ba4 Ne7 29. Bb3 Nc6 30. Nb6 Rc7 31. Nd5 Rcc8 32. Rgd3 Be7 33. Qf2 Bf8 34. Re1 Be7 35. Rh1 Rg8 36. Rc1 Bd8 37. g3 Ka7 38. Qg2 Nb8 39. Bd1 Nc6 40. Bf3 Rg7 41. Kc2 b6 42. Kd1 a5 43. Qc2 Kb8 44. Qa4 Na7 45. Rb3 Rb7 46. Nf6 b5 47. cxb5 c4 48. Bd5 Qb6 49. Rxc4 Bxf6 50. Bxb7 Qxb7 51. Rxc8+ Nxc8 52. exf6 Qh1+ 53. Kc2 Qg2+ 54. Kb1 Qe4+ 55. Ka1 Nb6 56. Qxa5 Nc4 57. Qd8+ Kb7 58. Qd7+ Kb8 59. f7 Qe1+ 60. Ka2 1-0

[Event "Copenhagen Bronshoj op"]
[Site "Copenhagen"]
[Date "2014.02.10"]
[Round "6"]
[White "Thuesen, Mogens Henrik"]
[Black "Nielsen, Klaus"]
[Result "1-0"]
[WhiteElo "2241"]
[BlackElo "2088"]
[PlyCount "101"]
[EventDate "2014.02.07"]
[EventType "swiss"]
[EventRounds "7"]
[EventCountry "DEN"]
[SourceTitle "CBM 158 Extra"]
[Source "ChessBase"]
[SourceDate "2014.02.28"]
[SourceVersion "1"]
[SourceVersionDate "2014.02.28"]
[SourceQuality "1"]

1. e4 d5 2. exd5 Qxd5 3. Nc3 Qa5 4. d4 c6 5. Bc4 Nf6 6. Nge2 Bf5 7. Bd2 e6 8. Nd5 Qd8 9. Ne3 Bg6 10. h4 Bd6 11. Bb3 Nbd7 12. Nc4 Bc7 13. Nf4 b5 14. Nxg6 hxg6 15. Ne3 Ne4 16. Qe2 Nxd2 17. Qxd2 Rxh4 18. 0-0-0 Nb6 19. Qc3 Kd7 20. d5 cxd5 21. Qxg7 Rf4 22. Bxd5 exd5 23. Nxd5 Nxd5 24. Rxd5+ Bd6 25. Rxd6+ Kxd6 26. Rd1+ Ke6 27. Rxd8 Rxd8 28. Qc3 Rfd4 29. Qe3+ Kf5 30. c3 Rd1+ 31. Kc2 R1d7 32. Qc5+ Ke6 33. f4 f6 34. Qxb5 Rd2+ 35. Kb3 R8d6 36. Kc4 Kf7 37. b4 a6 38. Qb7+ Ke6 39. Qe4+ Kf7 40. Kc5 f5 41. Qc4+ Re6 42. a4 Rxg2 43. b5 axb5 44. axb5 Rd2 45. Qa4 Rdd6 46. Qa7+ Kf6 47. Qb8 Rd7 48. c4 Kg7 49. Qc8 Rde7 50. b6 Re8 51. b7 1-0

[Event "Koge Xtracon op"]
[Site "Koge"]
[Date "2013.10.14"]
[Round "1"]
[White "Rendboe, John Filip"]
[Black "Nielsen, Klaus"]
[Result "1/2-1/2"]
[WhiteElo "2214"]
[BlackElo "2092"]
[PlyCount "78"]
[EventDate "2013.10.14"]
[EventType "swiss"]
[EventRounds "9"]
[EventCountry "DEN"]
[SourceTitle "EXT 2014"]
[Source "ChessBase"]
[SourceDate "2013.11.20"]
[SourceVersion "1"]
[SourceVersionDate "2013.11.20"]
[SourceQuality "1"]

1. d4 d5 2. c4 e6 3. Nc3 c5 4. e3 Nf6 5. Nf3 a6 6. cxd5 exd5 7. Be2 Nc6 8. 0-0 Bd6 9. a3 0-0 10. dxc5 Bxc5 11. b4 Bd6 12. Bb2 Re8 13. b5 Na5 14. a4 h6 15. Rc1 Bf5 16. Nd4 Bg6 17. Nb1 Ne4 18. Nd2 Qe7 19. bxa6 bxa6 20. N4f3 Reb8 21. Bd4 Ba3 22. Ra1 Nc6 23. Nb1 Bb4 24. Bb2 Rd8 25. Nd4 Na5 26. Ba3 Rdc8 27. Bxb4 Qxb4 28. Ra2 Nc4 29. Qb3 a5 30. Qd1 Rab8 31. Nb5 Rd8 32. Qd4 f6 33. N1c3 Ned2 34. Rd1 Nb3 35. Qg4 Bf7 36. Rb1 Ncd2 37. Rd1 Nc4 38. Rb1 Ncd2 39. Rd1 Nc4 1/2-1/2